00550nam a2200157Ia 4500008004100000041000800041082001600049100004300065245003200108250000600140260005300146300001300199650002900212999001900241952013200260210716s2011 xx 000 0 und d aeng a004.21 RAKS aRakshit, Sandip; Chakraborthy, Sumana. aSystem analysis and design. a1 aNew DelhibVikas Publishing House Pvt Ltdc2011 axiii,226 aSystem Analysis & Design c191817d191817 001040708MCAaAIMITbAIMITeBharath Book Markg175.00l0o004.21 RAKSpMCA11325r2025-07-21 00:00:00v131.25w2021-07-16yBK